00474nam a2200193 a 4500001001300000003000900013005001700022008004100039020001000080082001300090100001700103245002600120260003700146300000900183500003500192505001300227650002300240700001700263nice12345678IN_TiNIC20260116012116.0050524s0000 lona grp 000 0 eng  ac10000a231bSNA aSnaith, John aPhilosophy of Spirit. aLondonbHodder & Stoughtonc0000 a405p aincludes index and biblioraphy2 aAppendix aPhilosophy-History1 aSnaith, John